Les contes drolatiques : (Record no. 21865)
[ view plain ]
| 000 -LEADER | |
|---|---|
| fixed length control field | 00877nam a2200253 a 4500 |
| 001 - CONTROL NUMBER | |
| control field | 21865 |
| 003 - CONTROL NUMBER IDENTIFIER | |
| rucl marc code | BD-RjUL |
| 005 - DATE AND TIME OF LATEST TRANSACTION | |
| control field | 20211209000735.0 |
| 008 - FIXED-LENGTH DATA ELEMENTS--GENERAL INFORMATION | |
| fixed length control field | 140305s1900 enk 000 1 eng d |
| 035 ## - SYSTEM CONTROL NUMBER | |
| System control number | (BD-RjUL)21930 |
| 040 ## - CATALOGING SOURCE | |
| Original cataloging agency | BD-RjUL |
| Language of cataloging | eng |
| Transcribing agency | BD-RjUL |
| Modifying agency | BD-RjUL |
| 041 1# - LANGUAGE CODE | |
| Language code of text/sound track or separate title | eng |
| Language code of original | fre |
| 082 ## - DEWEY DECIMAL CLASSIFICATION NUMBER | |
| Classification number | 843.7 |
| Author mark and year | BAL |
| 100 1# - MAIN ENTRY--PERSONAL NAME | |
| Personal name | Balzac, Honoré de, |
| Dates associated with a name | 1799-1850. |
| 9 (RLIN) | 67506 |
| 245 10 - TITLE STATEMENT | |
| Title | Les contes drolatiques : |
| Remainder of title | collected in the abbeys of Touraine and brought forth into the light / |
| Statement of responsibility, etc. | Le Sieur de Balzac |
| Number of part/section of a work | Volume II |
| 250 ## - EDITION STATEMENT | |
| Edition statement | Caxton ed |
| 260 ## - PUBLICATION, DISTRIBUTION, ETC. (IMPRINT) | |
| Place of publication, distribution, etc. | London : |
| Name of publisher, distributor, etc. | Caxton Publishing Company, |
| Date of publication, distribution, etc. | 1900. |
| 300 ## - PHYSICAL DESCRIPTION | |
| Pagination | 352 p . : |
| Illustrations | ill. ; |
| Size | 22 cm |
| 500 ## - GENERAL NOTE | |
| General note | Translated from the French |
| General note | "With illustrations" |
| General note | Reference: George, Albert. Books by Balzac. (New York, 1960) |
| 650 #0 - SUBJECT ADDED ENTRY--TOPICAL TERM | |
| Topical term or geographic name as entry element | French fiction |
| General subdivision | Translations into English |
| 9 (RLIN) | 64311 |
| 942 ## - ADDED ENTRY ELEMENTS (KOHA) | |
| Source of classification or shelving scheme | Dewey Decimal Classification |
| Koha item type | Books |
| Lost status | Source of classification or shelving scheme | Damaged status | Not for loan | Collection code | Permanent Location | Current Location | Shelving location | Date acquired | Source of acquisition | Cost, normal purchase price | Total Checkouts | Full call number | Date last seen | Copy number | Koha item type |
|---|---|---|---|---|---|---|---|---|---|---|---|---|---|---|---|
| Dewey Decimal Classification | Added to bundle | Fiction | Central Library, University of Rajshahi | Central Library, University of Rajshahi | Reading Room | 20/11/1956 | Black well | 105.00 | 843.7 BAL V-2 1900 | 05/03/2014 | C-1 | Books |